| 000 | 00582nam a2200205Ia 4500 | ||
|---|---|---|---|
| 003 | GCL | ||
| 005 | 20240530110529.0 | ||
| 008 | 140319s9999 xx 000 0 ara d | ||
| 040 |
_aGCL / _cGCL |
||
| 082 | 0 | 4 |
_a928.24 _bا ا |
| 100 | 1 | _aمارتن ايسلين | |
| 245 | 1 | 0 |
_aارتو: جسد يختبر العالم / _cمارتن ايسلين |
| 260 |
_a[S.N] : _bالمكتبة العامة ، _c1993 |
||
| 300 | _a50 | ||
| 490 |
_aكتاب كلمات _v0 |
||
| 650 | 0 | 4 | _aالادباء |
| 650 | 0 | 4 | _aالانجليز |
| 700 | 1 | _aنعيم عاشور | |
| 942 |
_2ddc _cBK |
||
| 999 |
_c62050 _d62050 |
||